1187 1030 1301 1081 1048 1575 1054 1889 1463 1154 1802 1698 1809 1810 1714 1069 1947 1985 1995 1174 1874 1495 1266 1891 1216 1566 1084 1069 1050 1580 1163 1665 1749 1358 1715 1786 1281 1517 1665 1275 1452 1900 1104 1430 1847 1920 1659 1120 1233 1151 1010 1537 1217 1840 1461 1763 1957 1450 1630 1216 1890 1487 1721 1956 1085 1903 1043 1389 1494 1142 1343 1869 1568 1360 1198 1675 1713 1637 1769 1387 1700 1952 1731 1003 1569 1179 1052 1210 1366 1818 1146 1653 1654 1292 1882 1278 1971 1324 1570 BCNSPRNW ULIB Ver.6.0+V

เปลี่ยนเป็นภาษาไทย

Change to English
 แสดงรายละเอียดบรรณานุกรม
  กลับหน้าหลัก

Brief Record : Get Marc (ISO 2709) : E-mail record : QR code < ปิดหน้าต่าง
LEADER : 00000nam 2200000uu 4500
001    13399112182
003     ULIB
008    110729s2542||||th 000 0 tha d
020    9743311882
020    9789743311888
050  4 H62.5^bภ64ห 2542
100 0  ภิรมย์ กมลรัตนกุล
245 10 หลักการทำวิจัยให้สำเร็จ /^cภิรมย์ กมลรัตนกุล, มนต์ชัยชาลาประวรรตน์, ทวีสิน ตันประยูร
250    พิมพ์ครั้งที่ 1
260    กรุงเทพฯ :^bคณะแพทยศาสตร์ จุฬาลงกรณ์มหาวิทยาลัย,^c2542
300    148, [8] หน้า ;^c30 ซม.
650  4 การแพทย์^vวิจัย
650  4 วิจัย
700 0  มนต์ชัย ชาลาประวรรตน์
700 0  ทวีสิน ตันประยูร
710 2  จุฬาลงกรณ์มหาวิทยาลัย. ^bคณะแพทยศาสตร์
945    ^p0^l0^i010518
995    ทศพร
999 ^a ทศพร
รายการนี้ยังไม่มีแท็ก
คุณยังไม่ได้ล็อกอิน คุณสามารถมีกิจกรรมร่วมกับเว็บไซต์ได้ แต่ต้องล็อกอินก่อน ::
  ล็อกอิน

รายการสื่อสารสนเทศ

ลำดับที่ ประเภท เลขเรียก/บาร์โค้ด สถานที่ สถานะ
- ไม่พบข้อมูล -

รายการใกล้เคียง
    หัวเรื่อง [วิจัย]

BibComment


ยังไม่เคยถูกคอมเมนท์

คอมเมนท์ทรัพยากรรายการนี้
  คอมเมนท์: หลักการทำวิจัยให้..


 Copyright 2026. Bcnsprnw @Library